| 000 | 00342cam a2200133ua 4500 | ||
|---|---|---|---|
| 041 |
_aeng _h |
||
| 082 |
_a633.083 _bBUL/RU |
||
| 100 | _aBullivant, S H . | ||
| 245 |
_aFarm crops, Book 1 / _cS H Bullivant. _hTextual Documents |
||
| 260 |
_a : _bRural education , _c1963. |
||
| 300 |
_a87 : _b506 ; . |
||
| 942 | _cBK | ||
| 999 |
_c10596 _d10596 |
||